| 000 | 00446nam a22001457a 4500 | ||
|---|---|---|---|
| 005 | 20241123111323.0 | ||
| 008 | 241123b |||||||| |||| 00| 0 eng d | ||
| 020 | _a0406010021 | ||
| 245 |
_aThe All England Law Reports 1992 Vol. 3 _cEngland, United Kingdom |
||
| 250 | _aVol. 3 | ||
| 260 |
_aLondon, UK _bButterworths & Co. (Publishing) Ltd. _c1992 |
||
| 300 |
_axv, 960 pages _c23 cm |
||
| 650 |
_2Law Reports _xUnited Kingdom |
||
| 942 |
_2lcc _cBK _n0 |
||
| 999 |
_c1503 _d1503 |
||